| 000 | 01698cam a2200385 i 4500 | ||
|---|---|---|---|
| 001 | on1415631513 | ||
| 003 | EG-ScBUE | ||
| 005 | 20260505102651.0 | ||
| 008 | 231105s2024 caua f 001 0 eng d | ||
| 020 | _a9780138262525 | ||
| 020 | _a0138262527 | ||
| 035 | _a(OCoLC)1415631513 | ||
| 040 |
_aHQD _beng _erda _cHQD _dOCLCO _dBDX _dIKG _dOCLCO _dFTHRV _dOCLCQ _dRB0 _dCSG _dORX _dEG-ScBUE |
||
| 082 | 0 | 4 |
_a006.686 _222 _bCHA |
| 100 | 1 |
_aChavez, Conrad, _eauthor. |
|
| 245 | 1 | 0 |
_aAdobe Photoshop 2024 release / _cConrad Chavez. |
| 246 | 1 | 7 | _aAdobe Photoshop Classroom in a book (2024 release) |
| 264 | 1 |
_aSan Jose, California : _bAdobe Press, _c2024. |
|
| 300 |
_aviii, 408 pages : _billustrations (chiefly color) ; _c24 cm. |
||
| 336 |
_atext _btxt _2rdacontent |
||
| 336 |
_astill image _bsti _2rdacontent |
||
| 337 |
_aunmediated _bn _2rdamedia |
||
| 338 |
_avolume _bnc _2rdacarrier |
||
| 490 | 0 | _aClassroom in a book | |
| 500 | _aIncludes index. | ||
| 505 | 0 | _aGetting started -- Getting to know the work area -- Basic photo corrections -- Working with selections -- Layer basics -- Quick fixes -- Masks and patterns -- Typographic design -- Vector drawing techniques -- Advanced compositing -- Painting with the mixer brush -- Editing video -- Working with Camera Raw -- Preparing files for the web -- Producing and printing consistent color -- Exploring neural filters. | |
| 630 | 0 | 7 |
_aAdobe Photoshop. _lBUEsh |
| 650 | 7 |
_aPhotography _xDigital techniques. _2BUEsh |
|
| 650 | 7 |
_aPhotography _xDigital techniques _xComputer programs. _2BUEsh |
|
| 650 | 7 |
_aGraphic arts. _2BUEsh |
|
| 650 | 7 |
_aCloud computing. _2BUEsh |
|
| 653 |
_cMay2026 _bART |
||
| 655 | _vReading book | ||
| 942 |
_2ddc _cBB |
||
| 999 |
_c31199 _d31170 |
||